Fundamentals of management science

Αποθηκεύτηκε σε:
Λεπτομέρειες βιβλιογραφικής εγγραφής
Κύριος συγγραφέας: Turban, Efraim
Άλλοι συγγραφείς: Meredith, Jack R.
Μορφή: Βιβλίο
Γλώσσα:English
Δημοσίευση: Illinois, Mass. : Irwin, c1994
Έκδοση:6th ed.
Σειρά:Irwin series in quantitative methods and management science
Θέματα:
Ετικέτες: Προσθήκη ετικέτας
Δεν υπάρχουν, Καταχωρήστε ετικέτα πρώτοι!

MARC

LEADER 00000nam a2200000 i 4500
001 1/19958
008 960704s1994 eng d
020 |a 0-256-11724-1 
035 |l 10021460 
040 |a GR-MY-UA  |b gre  |e aacr 
041 0 |a eng 
082 0 |a 658.403 
100 1 |a Turban, Efraim. 
245 1 0 |a Fundamentals of management science /  |c Efraim Turban ; Jack R. Meredith 
250 |a 6th ed. 
260 |a Illinois, Mass. :   |b Irwin,   |c c1994 
300 |a 914 p. 
490 1 |a Irwin series in quantitative methods and management science 
500 |a Includes bibliographical references and index 
650 0 0 |a Management  |x Mathematical models. 
650 0 0 |a Management science. 
700 1 |a Meredith, Jack R. 
830 0 |a Irwin series in quantitative methods and management science 
852 |a INST  |b CHIOS  |e 19960704  |h 658.403 TUR  |p 005200001823  |q 005200001823  |t BK  |y 0 
909 |a Χ  |b 040385